000 00507nam a2200169Ia 4500
008 210719s2012 xx 000 0 und d
041 _akan
082 _a384.54 ABDS
100 _aABDUL REHAMAN PASHA
245 _aSamudaya radio:hejjegalu mattu gurigalu
_bCommunity radio:footsteps and goals
260 _aBengaluru
_bInformation Department
_c2012
300 _a84
_bPB
365 _cRs
650 _aCommunication
650 _aCommunication
906 _agurigalu ; mattu ; radio:hejjegalu ; Samudaya
999 _c215963
_d215963